[Event "Deizisau op 12th"]
[Site "Deizisau"]
[Date "2017.10.28"]
[Round "1"]
[White "Beuter, Christof"]
[Black "Ruff, Maximilian"]
[Result "0-1"]
[WhiteElo "1896"]
[BlackElo "2315"]
[PlyCount "76"]
[EventDate "2017.10.28"]
[EventType "swiss"]
[EventRounds "7"]
[EventCountry "GER"]
[SourceTitle "CBM 181 Extra"]
[Source "ChessBase"]
[SourceDate "2017.12.12"]
[SourceVersion "1"]
[SourceVersionDate "2017.12.12"]
[SourceQuality "1"]

1. e4 c5 2. Nf3 e6 3. d4 cxd4 4. Nxd4 a6 5. Nc3 Qc7 6. Be2 Nf6 7. a3 b5 8. Bf3 Bb7 9. 0-0 d6 10. Re1 Nbd7 11. g3 Be7 12. Bg2 Ne5 13. f4 Nc4 14. f5 e5 15. Nf3 Qc5+ 16. Kf1 0-0 17. Qe2 a5 18. Nd2 Nxd2+ 19. Bxd2 b4 20. axb4 axb4 21. Be3 Qc8 22. Nb5 Bxe4 23. Bxe4 Nxe4 24. g4 Qc6 25. c3 bxc3 26. bxc3 Nxc3 27. Nxc3 Qxc3 28. Rac1 Qb3 29. Rc2 Ra4 30. g5 d5 31. f6 gxf6 32. gxf6 Bxf6 33. Bh6 Re8 34. Qg2+ Kh8 35. Rec1 Qd3+ 36. Kg1 Raa8 37. Qg4 Qg6 38. Qxg6 hxg6 0-1

[Event "Graz op-A 19th"]
[Site "Graz"]
[Date "2012.08.28"]
[Round "4"]
[White "Beuter, Christof"]
[Black "Rudolph, Klaus"]
[Result "0-1"]
[WhiteElo "1933"]
[BlackElo "1917"]
[PlyCount "70"]
[EventDate "2012.08.25"]
[EventType "swiss"]
[EventRounds "9"]
[EventCountry "AUT"]
[SourceTitle "CBM 150 Extra"]
[Source "ChessBase"]
[SourceDate "2012.10.19"]
[SourceVersion "1"]
[SourceVersionDate "2012.10.19"]
[SourceQuality "1"]

1. e4 d6 2. d4 Nf6 3. Nc3 g6 4. f4 Bg7 5. Nf3 0-0 6. Be3 c6 7. e5 dxe5 8. dxe5 Nd5 9. Nxd5 cxd5 10. Bd3 b6 11. Qe2 Nd7 12. c3 Nc5 13. Bc2 Ba6 14. Qd2 e6 15. h4 h5 16. Ng5 Qd7 17. g4 Qb5 18. 0-0-0 Qa5 19. Bb1 Bc4 20. Bxc5 bxc5 21. b3 Qa3+ 22. Qb2 Qxb2+ 23. Kxb2 Be2 24. Rd2 Bxg4 25. Bc2 a5 26. Nh3 Rfb8 27. a3 Ra7 28. Ng5 Bf8 29. Rg1 a4 30. b4 d4 31. cxd4 cxb4 32. Ne4 bxa3+ 33. Ka1 Be7 34. Rh2 Rb2 35. Rgg2 Bf5 0-1

[Event "Graz op-A 19th"]
[Site "Graz"]
[Date "2012.08.25"]
[Round "1"]
[White "Beuter, Christof"]
[Black "Wegerer, Fred"]
[Result "0-1"]
[WhiteElo "1933"]
[BlackElo "2194"]
[PlyCount "43"]
[EventDate "2012.08.25"]
[EventType "swiss"]
[EventRounds "9"]
[EventCountry "AUT"]
[SourceTitle "CBM 150 Extra"]
[Source "ChessBase"]
[SourceDate "2012.10.19"]
[SourceVersion "1"]
[SourceVersionDate "2012.10.19"]
[SourceQuality "1"]

1. e4 c6 2. d4 d5 3. Nc3 dxe4 4. Nxe4 h6 5. Nf3 Bf5 6. Ng3 Bh7 7. Bc4 e6 8. 0-0 Nf6 9. Re1 Bd6 10. c3 0-0 11. a4 Nbd7 12. b4 Qc7 13. Ra2 a5 14. b5 cxb5 15. Bxb5 Qxc3 16. d5 exd5 17. Bxd7 Nxd7 18. Qxd5 Ne5 19. Nd2 Nd3 20. Qxd6 Nxe1 21. Bb2 Qc6 22. Qe5 0-1